Una embajada marroquí enviada a España en 1792 / (Record no. 27037)

MARC details
000 -LEADER
campo de control de longitud fija 00643nam a2200181 i 4500
001 - NÚMERO DE CONTROL
campo de control 27037
003 - IDENTIFICADOR DE NÚMERO DE CONTROL
campo de control ES-MaACL
005 - FECHA Y HORA DE LA ÚLTIMA TRANSACCIÓN
campo de control 20230906153540.0
007 - CAMPO FIJO DE DESCRIPCIÓN FÍSICA--INFORMACIÓN GENERAL
campo de control de longitud fija t|
008 - DATOS DE LONGITUD FIJA--INFORMACIÓN GENERAL
campo de control de longitud fija 030113s1953 sp ||||1| spa d
100 1# - ENTRADA PRINCIPAL--NOMBRE DE PERSONA
Nombre de persona Arribas Palau, Mariano.
9 (RLIN) 23295
245 14 - MENCIÓN DEL TÍTULO
Título Una embajada marroquí enviada a España en 1792 /
Mención de responsabilidad, etc. por Mariano Arribas Palau.
260 ## - PUBLICACIÓN, DISTRIBUCIÓN, ETC.
Lugar de publicación, distribución, etc. Tetuán :
Nombre del editor, distribuidor, etc. [s.n.,
Fecha de publicación, distribución, etc. 1953] (
Fabricante Imp. Cremades)
300 ## - DESCRIPCIÓN FÍSICA
Extensión 47 p. ;
Dimensiones 22 cm.
500 ## - NOTA GENERAL
Nota general Precede a tít.: Alta Comisaría de España en Marruecos. Centro de Estudios Marroquíes.
710 2# - ENTRADA AGREGADA--NOMBRE DE ENTIDAD CORPORATIVA
Nombre de entidad corporativa o nombre de jurisdicción como elemento de entrada Centro de Estudios Marroquíes (Tetuán)
9 (RLIN) 2656
852 ## - LOCALIZACIÓN
Ubicación ES-MaACL
Número de control de estantería 1996-F-11
Sublocalización o colección R.38855
Holdings
Estatus retirado Estado de pérdida Estado de daño No para préstamo Colección Biblioteca de origen Biblioteca actual Ubicación en estantería Fecha de adquisición Fuente de adquisición Total de préstamos Signatura topográfica completa Código de barras Visto por última vez Precio de reemplazo Tipo de ítem Koha
        Colección de folletos Biblioteca del Ateneo de Madrid Biblioteca del Ateneo de Madrid Depósito folletos 17/01/2008     1996-F-11 1027906 23/02/2023 23/02/2023 Folleto